| 000 | 00365nam a2200145Ia 4500 | ||
|---|---|---|---|
| 008 | 230917s9999||||xx |||||||||||||| ||und|| | ||
| 040 |
_e143909 _aMAIN |
||
| 041 | _aEnglish | ||
| 082 | _a332.401 M 199m | ||
| 100 | _aMakenzie, George | ||
| 245 | 0 | _aMonetary theory of international trade | |
| 260 |
_aLondon _bMacmillan _c1974 |
||
| 300 | _a95p. p. | ||
| 942 | _cBK | ||
| 999 |
_c201664 _d201664 |
||